00781nam a2200241Ia 450000500170000000800390001702000150005604100080007110000270007924500300010625000260013626400410016230000410020333600270024433700330027133800280030465000440033265000400037665000380041665000390045404000350049308400110052820220316235221.0121119s1988 ck a gr 000 f spa a95824001370 aspa1 aDahl, Roaldd1916-199013aEl superzorrocRoald Dahl aDoceava reimpresión 1aBogotábEdiciones Santillanac1988 a153 páginasbilustracionesc20 cm. atextobtxt2rdacontent asin mediaciónbn2rdamedia avolumenbnc2rdacarrier142LEMBaNovela infantil inglesaySiglo XX142LEMBaAnimales de la granjavNovela142LEMBaLiteratura infantil inglesa142LEMBaAnimales humanizadosvNovela aCO-BoRNBPbspaerdacCO-BoRNBP aN DAH1